| 000 | 00925nam a22002415i 4500 | ||
|---|---|---|---|
| 001 | 155599 | ||
| 003 | ES-MaACL | ||
| 005 | 20260616184059.0 | ||
| 008 | 940202s1893 sp a |||| | spa d | ||
| 100 | 1 |
_aHosmer, James Kendall, _d1834- _9128038 |
|
| 245 | 1 | 0 |
_aHistoria de los judíos en las edades antigua, media y moderna / _cpor James K. Hosmer ; versión española y apéndice por Eduardo Toda. |
| 260 |
_aMadrid : _bEl Progreso Editorial, _c1893. |
||
| 300 |
_aXXI, 436 p., [28] h. de lám. : _bil. ; _c21 cm. |
||
| 490 | 1 | _aHistoria de las naciones | |
| 504 | _aÍndice. | ||
| 505 | 8 |
_aIncluye apéndice: ; _tLos judíos en España / _rpor Eduardo Toda |
|
| 650 |
_aJudíos- _vHistoria. _913994 |
||
| 700 | 1 |
_aToda, Eduardo, _d1852-1941 _9133280 |
|
| 740 | 4 | _aLos judíos en España. | |
| 830 | 0 |
_aHistoria de las naciones _9182232 |
|
| 852 |
_aES-MaACL _jC-3271 _z-- Enc. tela grab. |
||
| 999 |
_c155599 _d155599 |
||